| 000 | 00000nam 2200000zi 4500 |
| 001 | 9.884857 |
| 003 | CaOODSP |
| 005 | 20241202140452 |
| 006 | m o d f |
| 007 | cr cn||||||||| |
| 008 | 200219s2020 onc o f000 0 tgl d |
| 020 | |a9780660341927 |
| 040 | |aCaOODSP|beng|erda|cCaOODSP |
| 043 | |an-cn--- |
| 086 | 1 |aCi4-204/2020Tl-PDF |
| 086 | 1 |aCi4-204/2020Tgl-PDF |
| 245 | 00|a[Ano ang open work permit for vulnerable workers?]. |
| 250 | |a[Tagalog edition]. |
| 264 | 1|a[Ottawa] : |bImmigration, Refugees and Citizenship Canada = Immigration, réfugiés et citoyenneté Canada, |c[2020] |
| 300 | |a1 online resource (1 page) |
| 336 | |atext|btxt|2rdacontent |
| 337 | |acomputer|bc|2rdamedia |
| 338 | |aonline resource|bcr|2rdacarrier |
| 500 | |aIssued also in English under title: What is the open work permit for vulnerable workers? |
| 500 | |a"IRCC-2917-05-2020." |
| 546 | |aText in Tagalog. |
| 650 | 0|aForeign workers|xAbuse of|xGovernment policy|zCanada. |
| 650 | 0|aForeign workers|xEmployment|xGovernment policy|zCanada. |
| 710 | 1 |aCanada. |bImmigration, Refugees and Citizenship Canada, |eissuing body. |
| 775 | 08|tWhat is the open work permit for vulnerable workers?|w(CaOODSP)9.884851 |
| 792 | |t[Ano ang open work permit for vulnerable workers?].|efre|w(CaOODSP)9.884903 |
| 794 | |tAno ang open work permit para sa mga bulnerableng manggagawa?|w(CaOODSP)9.934215 |
| 856 | 40|qPDF|s678 KB|uhttps://publications.gc.ca/collections/collection_2021/ircc/Ci4-204-2020-tgl.pdf |